000
00272nam a2200109Ia 4500
008
190216s9999||||xx |||||||||||||| ||und||
100
_a
Khanna&Amp;Varma
245
0
_a
Guide To Air Force Recruitment Test
260
_b
Upkar Prakashan
650
_a
References
942
_c
REF
999
_c
35641
_d
35641